| 000 | 00876cam a22002775a 4500 | ||
|---|---|---|---|
| 001 | 013538949 | ||
| 003 | OSt | ||
| 005 | 20180503112657.0 | ||
| 008 | 060824t2006 gw a frb 001 0 eng d | ||
| 020 | _a9783527317752 | ||
| 020 | _a3527317759 | ||
| 040 |
_aUk _beng _cUk _dEG-ScBUE |
||
| 082 | 0 | 4 |
_a660 _222 _bBAM |
| 100 | 1 |
_aBamfield, P. _q(Peter) |
|
| 245 | 1 | 0 |
_aResearch and development in the chemical and pharmaceutical industry / _cPeter Bamfield. |
| 250 | _a3rd rev. ed. | ||
| 260 |
_aWeinheim : _bWiley-VCH, _cc.2006. |
||
| 300 |
_axi, 277 p. : _bill. ; _c25 cm. |
||
| 504 | _aIncludes bibliographical references and index. | ||
| 650 | 7 |
_aChemical industry. _2BUEsh _932576 |
|
| 650 | 7 |
_aPharmaceutical industry _2BUEsh _939599 _xQuality control. |
|
| 650 | 7 |
_aResearch, Industrial. _2BUEsh |
|
| 651 | _2BUEsh | ||
| 653 |
_bPPhrm _cApril2018 _cMay2018 |
||
| 942 | _2ddc | ||
| 999 |
_c26549 _d26521 |
||